01180nam a22001817a 4500008004100000022001400041040005500055245003100110260005600141942000700197999001700204952012800221952013600349952013700485952012800622952012400750952012400874230816b |||||||| |||| 00| 0 eng d a0970-3446 aNational Science LibrarycNational Science Library aEnergy environment monitor aNew Delhi: bTata Energy Research Institute, c1989 cCR c58806d58806 00103Vol. 5 (1), 198940709118778aNSLbNSLcFF/Rk-7/C-8/R-1d2005-03-04l0p222642r2023-08-16 00:00:00w2005-03-04yCR 00103Vol. 7-10 (1-2), 1991-9440709118789aNSLbNSLcFF/Rk-7/C-8/R-1d1998-06-26l0p141340r2023-08-16 00:00:00w1998-06-26yCR 00103Vol. 11-12 (1-2), 1995-9640709118792aNSLbNSLcFF/Rk-7/C-8/R-1d1998-06-26l0p141341r2023-08-16 00:00:00w1998-06-26yCR 00103Vol. 4 (1), 198840709118796aNSLbNSLcFF/Rk-7/C-8/R-1d2005-03-04l0p222655r2023-08-16 00:00:00w2005-03-04yCR 00103Vol. 3, 198740709118802aNSLbNSLcFF/Rk-7/C-8/R-1d1992-05-15l0p125824r2023-08-16 00:00:00w1992-05-15yCR 00103Vol. 2, 198640709118804aNSLbNSLcFF/Rk-7/C-8/R-1d1992-05-15l0p125823r2023-08-16 00:00:00w1992-05-15yCR